Webová aplikácia pre predmet PPI
Gespeichert in:
| 1. Verfasser: | |
|---|---|
| Weitere Verfasser: | |
| Format: | Manuskript Buch |
| Sprache: | Slowakisch |
| Veröffentlicht: |
2023
|
| Schlagworte: | |
| Online-Zugang: | http://is.stuba.sk/zp/portal_zp.pl?podrobnosti=162682 |
| Tags: |
Keine Tags, Fügen Sie das erste Tag hinzu!
|
MARC
| LEADER | 00000ntm a22000003a 4500 | ||
|---|---|---|---|
| 001 | stuzp92450 | ||
| 003 | SK-STU | ||
| 005 | 20230909213212.8 | ||
| 007 | ta | ||
| 008 | 150427s2015----xo-----f-mn---000-0-slo-d | ||
| 040 | |a STU |b slo | ||
| 041 | 0 | |a slo | |
| 100 | 1 | |a Kováľ, Dávid |u 070400 |4 aut |U FIIT Fakulta informatiky a informačných technológií |T FIIT Ústav počítačového inžinierstva a aplikovanej informatiky |X 110828 |U I400 |Y 672 |7 110828 | |
| 242 | 0 | 1 | |a Web application for the subject PPI |y eng |
| 245 | 1 | 0 | |a Webová aplikácia pre predmet PPI |
| 260 | |c 2023 | ||
| 650 | 4 | |a Princípy počítačového inžinierstva |2 slo | |
| 650 | 4 | |a webová aplikácia |2 slo | |
| 650 | 4 | |a PPI |2 slo | |
| 650 | 4 | |a Zadanie 3 |2 slo | |
| 650 | 4 | |a Web application |2 eng | |
| 650 | 4 | |a PPI |2 eng | |
| 650 | 4 | |a Principles of Computer Engineering |2 eng | |
| 650 | 4 | |a Assignment 3 |2 eng | |
| 700 | 1 | |a Krištofík, Štefan |u 070400 |k Z8 |4 ths |U FIIT Fakulta informatiky a informačných technológií |T FIIT Ústav počítačového inžinierstva a aplikovanej informatiky |X 24559 |U I400 |Y 672 |7 A000024559 | |
| 856 | 4 | |u http://is.stuba.sk/zp/portal_zp.pl?podrobnosti=162682 | |